ბათუმის შოთა რუსთაველის სახელმწიფო უნივერსიტეტის ბიბლიოთეკა

Armstrong's handbook of human resource management practice / (ბიბ.ჩანაწერი № 58805)

000 -LEADER
fixed length control field 00740cam a2200205 i 4500
001 - CONTROL NUMBER
control field 21243695
005 - DATE AND TIME OF LATEST TRANSACTION
control field 20221107121523.0
008 - FIXED-LENGTH DATA ELEMENTS--GENERAL INFORMATION
fixed length control field 191016s2020 enka bf 001 0 eng
020 ## - INTERNATIONAL STANDARD BOOK NUMBER
International Standard Book Number 9780749498276x
Qualifying information
041 ## - LANGUAGE CODE
Language code of text/sound track or separate title eng
080 ## - UNIVERSAL DECIMAL CLASSIFICATION NUMBER
Universal Decimal Classification number 331.101.262.1+005 A-51
100 1# - MAIN ENTRY--PERSONAL NAME
Personal name Armstrong, Michael
9 (RLIN) 14590
245 10 - TITLE STATEMENT
Title Armstrong's handbook of human resource management practice /
Statement of responsibility, etc. Michael Armstrong with Stephen Taylor.
250 ## - EDITION STATEMENT
Edition statement 15th edition.
264 #1 - PRODUCTION, PUBLICATION, DISTRIBUTION, MANUFACTURE, AND COPYRIGHT NOTICE
Place of production, publication, distribution, manufacture London :
Name of producer, publisher, distributor, manufacturer KoganPage,
Date of production, publication, distribution, manufacture, or copyright notice 2020.
300 ## - PHYSICAL DESCRIPTION
Extent 763 pages :
Other physical details illustrations (color) ;
Dimensions 25 cm.
653 ## - INDEX TERM--UNCONTROLLED
keyword ადამიანური რესურსების მენეჯმენტი
700 1# - ADDED ENTRY--PERSONAL NAME
Personal name Taylor, Stephen
Dates associated with a name
Relator term ავტორი
9 (RLIN) 14591
942 ## - ADDED ENTRY ELEMENTS (KOHA)
Source of classification or shelving scheme
Koha item type წიგნი
ეგზემპლარები
Withdrawn status Lost status Source of classification or shelving scheme Damaged status Not for loan Permanent Location Current Location Shelving location Date acquired Cost, normal purchase price Full call number Barcode Date last seen Copy number Price effective from Koha item type Public note
          ბათუმის შოთა რუსთაველის სახელმწიფო უნივერსიტეტის მთავარი ბიბლიოთეკა ბათუმის შოთა რუსთაველის სახელმწიფო უნივერსიტეტის მთავარი ბიბლიოთეკა წიგნსაცავი 2022-09-13 303.00 331.101.262.1+005 A-51 63041 2022-09-13 63041 2022-09-13 წიგნი 303 ლ.
          ბათუმის შოთა რუსთაველის სახელმწიფო უნივერსიტეტის მთავარი ბიბლიოთეკა ბათუმის შოთა რუსთაველის სახელმწიფო უნივერსიტეტის მთავარი ბიბლიოთეკა წიგნსაცავი 2022-09-15 303.00 331.101.262.1+005 A-51 63053 2022-09-15 63053 2022-09-15 წიგნი 303 ლ.
          ბათუმის შოთა რუსთაველის სახელმწიფო უნივერსიტეტის მთავარი ბიბლიოთეკა ბათუმის შოთა რუსთაველის სახელმწიფო უნივერსიტეტის მთავარი ბიბლიოთეკა წიგნსაცავი 2022-09-15 303.00 331.101.262.1+005 A-51 63054 2022-09-15 63054 2022-09-15 წიგნი 303 ლ.
          ბათუმის შოთა რუსთაველის სახელმწიფო უნივერსიტეტის მთავარი ბიბლიოთეკა ბათუმის შოთა რუსთაველის სახელმწიფო უნივერსიტეტის მთავარი ბიბლიოთეკა წიგნსაცავი 2022-09-15 303.00 331.101.262.1+005 A-51 63055 2022-09-15 63055 2022-09-15 წიგნი 303 ლ.
          ბათუმის შოთა რუსთაველის სახელმწიფო უნივერსიტეტის მთავარი ბიბლიოთეკა ბათუმის შოთა რუსთაველის სახელმწიფო უნივერსიტეტის მთავარი ბიბლიოთეკა წიგნსაცავი 2022-09-15 303.00 331.101.262.1+005 A-51 63056 2022-09-15 63056 2022-09-15 წიგნი 303 ლ.